Statistiken für Welthauptstädte, die Taipeh am nächsten liegen - Einminütiger Sprint

Klicken Sie hier um das Quiz zu spielen!

Allgemein

  • Dieses Quiz wurde 36 mal gespielt
  • Das Durchschnittsergebnis liegt bei 11 aus 20

Antwortstatistiken

kmHauptstadt% Korrekt
3829Jakarta
93%
1722Peking
93%
1667Hanoi
89%
2105Tokio
86%
1491Seoul
82%
1160Manila
75%
2543Bangkok
71%
1601Pjöngjang
71%
3237Kuala Lumpur
68%
2310Phnom Penh
64%
3250Singapur
54%
2849Ulaanbaatar
54%
2308Vientiane
43%
3611Kathmandu
39%
2348Bandar Seri
Begawan
29%
3155Dhaka
25%
3760Dili
21%
3188Thimphu
21%
2676Naypyidaw
18%
2395Ngerulmud
18%

Verteilung der Resultate

Perzentil nach korrekt beantworteten Fragen

Anzahl Personen mit jedem Resultat

Ihre Resultats-Entwicklung

Sie haben dieses Quiz noch nicht gespielt